000 00490nam a2200181Ia 4500
999 _c29465
_d29465
003 OSt
005 20201112125314.0
008 190216s9999||||xx |||||||||||||| ||und||
020 _a9788122603194
040 _coclc
082 _a894.8123
_bMOH/V
100 _aMohanan, P
_96500
245 0 _aVishayavivaram /
_cP Mohanan
260 _bCurrent Books,
_aThrissur:
_c2003.
300 _a231p
650 _aNovel
942 _cBK
_2ddc
_h894.8123
_iMOH/V
_k894.8123
_mMOH/V